000 00504nam a2200193Ia 4500
005 20240823025644.0
008 240823s9999||||xx |||||||||||||| ||und||
020 _a978-93-5014-009-3
041 _aENGLISH
082 _A629.89 Q0
100 _aUmesh Rathore
245 0 _aBasic Instrumentation System & Programmable Logic Controller
250 _a1st
260 _c2010
_b"S K Kataria and Sons,"
500 _aYES
650 _aInstrumentation
_bInstrumentation
942 _cBK
999 _c186837
_d186837